000 00425nam a2200181Ia 4500
001 13041
005 20260306163024.0
008 260306t2012||||xx |||||||||||||| ||spa||
041 _aESP
082 _aRD 658.3
_bA43
100 _aAlles, Martha Alicia
_eAUT
245 0 _aDiccionario de términos de recursos humanos
260 _c2012
300 _a
_c
650 _aGEN
654 _aCAN
942 _cDIC
_dJUS
_fJUS
_2ddc
_n
999 _c13041
_d13041